[Event "Challenge"]
[Site "http://www.queenalice.com/game.php?id=528740"]
[Date "2009.1.24"]
[Round "-"]
[White "Darky"]
[Black "Rosberg"]
[Result "0-1"]
[WhiteElo "1795"]
[BlackElo "2224"]

1. e4 e5 2. Nf3 Nf6 3. Nxe5 d6 4. Nf3 Nxe4 5. Nc3 Nxc3 6. dxc3 Be7 7. Be3 Nc6 8.
Qd2 O-O 9. O-O-O Ne5 10. Be2 Be6 11. Kb1 c6 12. Qd4 Ng4 0-1

[Event "Challenge"]
[Site "http://www.queenalice.com/game.php?id=528742"]
[Date "2009.1.24"]
[Round "-"]
[White "Darky"]
[Black "breizatao"]
[Result "0-1"]
[WhiteElo "2054"]
[BlackElo "2250"]

1. e4 e5 2. Nf3 d6 3. d4 f5 4. dxe5 fxe4 5. Ng5 d5 6. e6 Bb4+ 7. c3 Bc5 8. Nf7
Qf6 9. Be3 Bxe3 10. fxe3 Bxe6 11. Nxh8 Qh4+ 12. g3 Qh6 13. Qd2 Nd7 14. Na3 O-O-O
15. Nb5 Kb8 16. O-O-O Ne7 17. Nd4 Rxh8 18. Nxe6 Qxe6 19. h4 Ne5 20. Be2 g6 21.
Rhf1 Nf5 22. Rg1 Rd8 0-1

[Event "Challenge"]
[Site "http://www.queenalice.com/game.php?id=528743"]
[Date "2009.1.24"]
[Round "-"]
[White "breizatao"]
[Black "Darky"]
[Result "1-0"]
[WhiteElo "2256"]
[BlackElo "2040"]

1. b4 d5 2. Bb2 Nf6 3. e3 Bf5 4. Nf3 e6 5. a3 Bd6 6. c4 c6 7. Nh4 Bg6 8. c5 Bc7
9. Be2 e5 10. d3 Nbd7 11. Nd2 Qe7 12. Qc2 O-O 13. Nxg6 hxg6 14. O-O Nh7 15. h3
f5 16. e4 d4 17. f4 Rad8 18. exf5 gxf5 19. Rae1 1-0

[Event "AUTO-OPEN-1417"]
[Site "http://www.queenalice.com/game.php?id=529060"]
[Date "2009.1.25"]
[Round "1"]
[White "Darky"]
[Black "eder"]
[Result "0-1"]
[WhiteElo "1612"]
[BlackElo "1127"]

1. e4 e6 2. d4 d5 3. Nc3 dxe4 4. Nxe4 Nc6 5. Nf3 Nf6 6. Ng3 Be7 7. Bd3 h6 8. O-O
O-O 9. c3 b6 10. Qe2 Bb7 11. Bf4 Bd6 12. Ne5 Nd7 0-1

[Event "AUTO-OPEN-1417"]
[Site "http://www.queenalice.com/game.php?id=529061"]
[Date "2009.1.25"]
[Round "1"]
[White "eder"]
[Black "Darky"]
[Result "1-0"]
[WhiteElo "1127"]
[BlackElo "1795"]

1. d4 Nf6 2. c4 g6 3. Nc3 Bg7 4. e4 d6 5. Nf3 O-O 6. Bd3 c5 7. Be3 cxd4 8. Nxd4
Nc6 9. O-O Ng4 10. Nxc6 bxc6 11. Bd2 Rb8 12. b3 1-0

[Event "AUTO-OPEN-1417"]
[Site "http://www.queenalice.com/game.php?id=529062"]
[Date "2009.1.25"]
[Round "1"]
[White "Darky"]
[Black "iane"]
[Result "1-0"]
[WhiteElo "2003"]
[BlackElo "1913"]

1. e4 e5 2. Nf3 Nc6 3. Bb5 d6 4. d4 a6 5. Bxc6+ bxc6 6. dxe5 Qe7 7. O-O dxe5 8.
h3 h6 9. Be3 Nf6 10. Nbd2 Bb7 11. c4 Qe6 12. Qb3 Be7 13. Qxb7 1-0

[Event "AUTO-OPEN-1417"]
[Site "http://www.queenalice.com/game.php?id=529063"]
[Date "2009.1.25"]
[Round "1"]
[White "iane"]
[Black "Darky"]
[Result "1-0"]
[WhiteElo "1839"]
[BlackElo "1810"]

1. e4 c5 2. Bc4 Nc6 3. Nc3 e6 4. Nf3 a6 5. a4 Nf6 6. O-O d5 7. exd5 exd5 8. Ba2
Be7 9. d3 Bg4 10. Bg5 d4 11. Bxf6 Bxf6 12. Re1+ Kf8 13. Ne4 Be7 14. h3 Bh5 15.
Ned2 Qc7 16. c3 Rd8 17. Qb3 Na5 18. Qc2 Qf4 19. Re4 Qf6 20. Rae1 1-0

[Event "AUTO-OPEN-1417"]
[Site "http://www.queenalice.com/game.php?id=529064"]
[Date "2009.1.25"]
[Round "1"]
[White "Darky"]
[Black "silverado"]
[Result "1-0"]
[WhiteElo "2034"]
[BlackElo "1863"]

1. e4 e5 2. Nf3 Nc6 3. Bb5 Bd6 4. O-O a6 5. Ba4 f6 6. d4 Na5 7. b4 Bxb4 8. dxe5
Nc4 9. Qd4 b5 10. a3 Bxa3 11. Nxa3 Nxa3 12. Bxa3 bxa4 13. exf6 gxf6 14. Qc5 d6
15. Qh5+ Kf8 16. e5 fxe5 17. Nxe5 Qf6 18. f4 Kg7 19. Nd3 Bf5 20. Bb2 Bxd3 21.
Bxf6+ Nxf6 22. Qg5+ 1-0

[Event "AUTO-OPEN-1417"]
[Site "http://www.queenalice.com/game.php?id=529065"]
[Date "2009.1.25"]
[Round "1"]
[White "silverado"]
[Black "Darky"]
[Result "1-0"]
[WhiteElo "1855"]
[BlackElo "1744"]

1. Nf3 d5 2. d4 Nf6 3. Nc3 Bf5 4. e3 e6 5. Bd3 Bg6 6. O-O Bd6 7. Kh1 c5 8. dxc5
Bxc5 9. Bb5+ Nbd7 10. Ne5 O-O 11. Nxd7 Nxd7 12. Nxd5 exd5 13. Qxd5 a6 14. Bxd7
Qc7 15. Bf5 Rad8 16. Qf3 b5 17. c3 Qe5 18. Bxg6 fxg6 19. Qg3 Qd5 20. h4 Qd3 21.
Rg1 Bd6 22. Qg4 Rxf2 23. g3 Qc2 24. Qh3 Qe4+ 25. Rg2 Bc7 26. Kh2 Rxg2+ 27. Qxg2
Qxh4+ 28. Qh3 Qf6 29. Qg2 Rd1 30. Kh3 Qe5 31. Qa8+ Bb8 32. Qf3 Rg1 33. Kh2 Rxg3
34. Qf4 Qh5+ 35. Kxg3 Bxf4+ 36. exf4 Qe2 37. a3 a5 38. Kh3 a4 39. Kh4 h5 40. Kg3
1-0

[Event "AUTO-ADV-1194"]
[Site "http://www.queenalice.com/game.php?id=529379"]
[Date "2009.1.25"]
[Round "1"]
[White "Darky"]
[Black "volga1"]
[Result "0-1"]
[WhiteElo "1693"]
[BlackElo "1742"]

1. d4 g6 2. e4 Bg7 3. c4 e6 4. Nf3 Ne7 5. Bd3 c5 6. d5 exd5 7. cxd5 d6 8. Nc3 a6
9. a4 Bg4 10. h3 Bxf3 11. Qxf3 Nd7 0-1

[Event "AUTO-ADV-1194"]
[Site "http://www.queenalice.com/game.php?id=529380"]
[Date "2009.1.25"]
[Round "1"]
[White "volga1"]
[Black "Darky"]
[Result "1-0"]
[WhiteElo "1756"]
[BlackElo "1679"]

1. e4 c5 2. Nf3 Nc6 3. d4 cxd4 4. Nxd4 e5 5. Nxc6 bxc6 6. Bc4 Nf6 7. Bg5 Be7 8.
Bxf6 Bxf6 9. Nc3 O-O 10. h4 Rb8 11. Bb3 Ba6 12. Qf3 Rb4 13. g4 1-0

[Event "AUTO-ADV-1194"]
[Site "http://www.queenalice.com/game.php?id=529381"]
[Date "2009.1.25"]
[Round "1"]
[White "Darky"]
[Black "Possible43"]
[Result "0-1"]
[WhiteElo "1791"]
[BlackElo "1958"]

1. e4 e5 2. Nf3 f5 3. Nxe5 Qf6 4. d4 d6 5. Nc4 fxe4 6. Nc3 Qf7 7. Be3 d5 8. Ne5
Qe6 9. Be2 Nf6 10. Qd2 Nbd7 0-1